Rappeurs Français #9 - Statistiques

Statistiques générales
  • Ce quiz a été pris 170 fois
  • Le résultat moyen est 5 sur 16
Statistiques - réponses
Par images Réponse % Correct
Bosh
89%
Rim'K
89%
Moha La Squale
85%
Marwa Loud
82%
JoeyStarr
72%
Moha K
49%
Kool Shen
22%
Mokobé
19%
Houari
14%
AP
9%
Freeman
3%
Kheops
3%
Imhotep
1%
Kephren
1%
Laetitia Bay
1%
Lapso Laps
1%
Aucun quiz correspondant
Distribution des résultats
% des personnes avec chaque résultat
Percentile par nombre de réponses
Votre historique - résultats
Vous n’avez pas pris ce quiz